Calificación higiénica de las Escuelas Nacionales de Madrid / (Registro nro. 81119)

Detalles MARC
000 -LEADER
campo de control de longitud fija 00704nam a2200193 i 4500
001 - NÚMERO DE CONTROL
campo de control 81119
003 - IDENTIFICADOR DE NÚMERO DE CONTROL
campo de control ES-MaACL
005 - FECHA Y HORA DE LA ÚLTIMA TRANSACCIÓN
campo de control 20230906174355.0
007 - CAMPO FIJO DE DESCRIPCIÓN FÍSICA--INFORMACIÓN GENERAL
campo de control de longitud fija t|
008 - DATOS DE LONGITUD FIJA--INFORMACIÓN GENERAL
campo de control de longitud fija 041103s1928 sp ||||1| spa d
100 1# - ENTRADA PRINCIPAL--NOMBRE DE PERSONA
Nombre de persona Hoyos Sáinz, Luis de,
Fechas asociadas al nombre 1868-1951
9 (RLIN) 64437
245 10 - MENCIÓN DEL TÍTULO
Título Calificación higiénica de las Escuelas Nacionales de Madrid /
Mención de responsabilidad, etc. Luis de Hoyos Sáinz.
260 ## - PUBLICACIÓN, DISTRIBUCIÓN, ETC.
Lugar de publicación, distribución, etc. Cádiz :
Nombre del editor, distribuidor, etc. [s.n.,
Fecha de publicación, distribución, etc. 1928] (
Fabricante M. Alvarez Rodíguez)
300 ## - DESCRIPCIÓN FÍSICA
Extensión p. 60-64 ;
Dimensiones 25 cm.
500 ## - NOTA GENERAL
Nota general Precede al tít.: Asociación Española para el progreso de las Ciencias.
710 2# - ENTRADA AGREGADA--NOMBRE DE ENTIDAD CORPORATIVA
Nombre de entidad corporativa o nombre de jurisdicción como elemento de entrada Asociación Española para el Progreso de las Ciencias.
9 (RLIN) 1705
852 ## - LOCALIZACIÓN
Ubicación ES-MaACL
Número de control de estantería 1841-F-1
Sublocalización o colección R.19965
Existencias
Estatus retirado Estado de pérdida Estado de daño No para préstamo Colección Biblioteca de origen Biblioteca actual Ubicación en estantería Fecha de adquisición Fuente de adquisición Total de préstamos Signatura topográfica completa Código de barras Visto por última vez Precio de reemplazo Tipo de ítem Koha
        Colección de folletos Biblioteca del Ateneo de Madrid Biblioteca del Ateneo de Madrid Depósito folletos 17/01/2008     1841-F-1 1084799 23/02/2023 23/02/2023 Folleto